| 000 | 01052nam0a22002531 4500 | ||
|---|---|---|---|
| 001 | rc\3562136 | ||
| 005 | 20130115140244.6 | ||
| 021 |
_aRU _bРг4029-77 |
||
| 021 |
_aRU _b77-ОЭ-35/6 |
||
| 035 | _a(NLR Aleph) 007686389 | ||
| 090 |
_a6593841 _c6593841 |
||
| 100 | _a20130115d1976 |||y0rusy50 ca | ||
| 101 | 0 | _arus | |
| 102 | _aRU | ||
| 105 | _ay z ||||| | ||
| 200 | 1 |
_aСборник задач по статистике городского хозяйства _eДля студентов дневных и вечерних отд-ний специальности "Организация упр. в гор. хоз-ве" _fМ-во высш. и сред. спец. образ. СССР. Моск. ин-т упр. им. Серго Орджоникидзе. Кафедра статистики |
|
| 210 |
_aМосква _cБ. и. _d1976 |
||
| 215 |
_a52 с. _d20 |
||
| 700 | 1 |
_aНожкина _bР. С. _gРаиса Сергеевна |
|
| 801 | 0 |
_aRU _bNLR _gpsbo |
|
| 801 | 1 |
_aRU _bELAR _2rusmarc |
|
| 852 |
_aNLR _j77-4/6225 |
||
| 942 | _cBOOK | ||
| 980 | _aNB | ||